书目信息 |
| 题名: |
最昆明
|
|
| 作者: | 晚红 主编 ;董明鉴 编著 | |
| 分册: | ||
| 出版信息: | 北京 人民邮电出版社 2011.01 |
|
| 页数: | 216页 | |
| 开本: | 21cm | |
| 丛书名: | 最系列 | |
| 单 册: | ||
| 中图分类: | K928.974.1 | |
| 科图分类: | ||
| 主题词: | 导游--昆明市 , 导游 | |
| 电子资源: | ||
| ISBN: | 978-7-115-23666-1 | |
| 000 | 00877oam2 2200277 450 | |
| 001 | 010020000948 | |
| 005 | 20130608092944.68 | |
| 010 | @a978-7-115-23666-1@dCNY29.80@z7-115-23666-6 | |
| 100 | @a20101225d2011 em y0chiy0110 ea | |
| 101 | 0 | @achi |
| 102 | @aCN@b110000 | |
| 105 | @aak z 000yy | |
| 106 | @ar | |
| 200 | 1 | @a最昆明@9zui kun ming@f晚红主编@g董明鉴编著 |
| 210 | @a北京@c人民邮电出版社@d2011.01 | |
| 215 | @a216页@c图@d21cm | |
| 225 | 2 | @a最系列 |
| 330 | @a本书从历史、文化、景观、购物、美食等方面细数昆明全境的经典之地,向读者展现一个最不可错过的昆明。散落全篇的“点评”更体现出当地人对城市本身的独特见解。 | |
| 461 | 0 | @12001 @a最系列 |
| 606 | 0 | @a导游@y昆明市 |
| 606 | 0 | @a导游 |
| 690 | @aK928.974.1@v4 | |
| 701 | 0 | @a晚红@9wan hong@4主编 |
| 702 | 0 | @a董明鉴@9dong ming jian@4编著 |
| 801 | 0 | @aCN@bRENTIAN@c20101225 |
| 905 | @dK928.974.1@e669 | |
| 最昆明/晚红主编/董明鉴编著.-北京:人民邮电出版社,2011.01 |
| 216页:图;21cm.-(最系列) |
| ISBN 978-7-115-23666-1:CNY29.80 |
| 本书从历史、文化、景观、购物、美食等方面细数昆明全境的经典之地,向读者展现一个最不可错过的昆明。散落全篇的“点评”更体现出当地人对城市本身的独特见解。 |
| ● |
| 相关链接 |
|
|
|
|
正题名:最昆明
索取号:K928.974.1/669
 
预约/预借
| 序号 | 登录号 | 条形码 | 馆藏地/架位号 | 状态 | 备注 |
| 1 | 0543978 | 205439783 | 第二样本阅览室/ [索取号:K928.974.1/669] | 在馆 | |
| 2 | 0543979 | 205439792 | 密集书库-资源管理系/ [索取号:K928.974.1/669] | 在馆 | |
| 3 | 0543980 | 205439809 | 第二借阅区/ [索取号:K928.974.1/669] | 在馆 | |
| 4 | 0543981 | 205439818 | 第二借阅区/ [索取号:K928.974.1/669] | 在馆 | |
| 5 | 0543982 | 205439827 | 第二借阅区/ [索取号:K928.974.1/669] | 在馆 |